LEADER 01877nam 2200565Ia 450 001 9910273013803321 005 20200520144314.0 010 $a1-280-08483-9 010 $a9786610084838 010 $a1-4175-0794-2 035 $a(CKB)111090425037720 035 $a(SSID)ssj0000085678 035 $a(PQKBManifestationID)11112651 035 $a(PQKBTitleCode)TC0000085678 035 $a(PQKBWorkID)10014208 035 $a(PQKB)10387078 035 $a(MiAaPQ)EBC3050685 035 $a(Au-PeEL)EBL3050685 035 $a(CaPaEBR)ebr10056587 035 $a(CaONFJC)MIL8483 035 $a(OCoLC)55535757 035 $a(EXLCZ)99111090425037720 100 $a20040504d2004 uf 0 101 0 $aeng 135 $aurcn||||||||| 181 $ctxt 182 $cc 183 $acr 200 00$aBuilding market institutions in South Eastern Europe$b[electronic resource] $ecomparative prospects for investment and private sector development /$fHarry Broadman ... [et al.] 210 $aWashington, DC $cWorld Bank$d2004 215 $axlii, 366 p 225 0 $aDirections in development Building market institutions in South Eastern Europe 300 $aBibliographic Level Mode of Issuance: Monograph 311 $a0-8213-5776-X 320 $aIncludes bibliographical references and index. 606 $aInvestments, Foreign$zBalkan Peninsula 607 $aBalkan Peninsula$xEconomic integration 607 $aBalkan Peninsula$xEconomic policy 607 $aBalkan Peninsula$xCommercial policy 608 $aElectronic books. 615 0$aInvestments, Foreign 676 $a330.9496 701 $aBroadman$b Harry G$0700288 801 0$bMiAaPQ 801 1$bMiAaPQ 801 2$bMiAaPQ 906 $aBOOK 912 $a9910273013803321 996 $aBuilding market institutions in South Eastern Europe$92081335 997 $aUNINA LEADER 02127nas 2200709-a 450 001 996198117603316 005 20230217213020.0 011 $a1878-7363 035 $a(DE-599)ZDB2166043-8 035 $a(OCoLC)54829631 035 $a(CKB)111079962192012 035 $a(CONSER)--2012250736 035 $a(EXLCZ)99111079962192012 100 $a20040329b20042004 s-- - 101 0 $aeng 135 $aurcn||||||||| 181 $ctxt$2rdacontent 182 $cc$2rdamedia 183 $acr$2rdacarrier 200 10$aDrug discovery today$iTargets 210 $a[Amsterdam] ;$a[New York] $cElsevier Science$d-2004 300 $aRefereed/Peer-reviewed 300 $a"Applications of genomics and proteomics." 311 $a1741-8372 517 3 $aTargets 517 1 $aDDT. 531 $aDRUG DISCOVERY TODAY 606 $aDrugs$xDesign$vPeriodicals 606 $aGene therapy$vPeriodicals 606 $aMedical genetics$vPeriodicals 606 $aDrug Design 606 $aGenomics 606 $aProteomics 606 $aDrugs$xDesign$2fast$3(OCoLC)fst00898790 606 $aGene therapy$2fast$3(OCoLC)fst00939638 606 $aMedical genetics$2fast$3(OCoLC)fst01014133 606 $aMédicament$2rasuqam 606 $aThérapie génique$2rasuqam 606 $aGénétique médicale$2rasuqam 608 $aPeriodical 608 $aPeriodicals.$2fast 608 $aPeriodicals.$2lcgft 608 $aPériodique électronique (Descripteur de forme)$2rasuqam 608 $aRessource Internet (Descripteur de forme)$2rasuqam 610 $aPharmacy, Therapeutics, & Pharmacology 615 0$aDrugs$xDesign 615 0$aGene therapy 615 0$aMedical genetics 615 12$aDrug Design 615 22$aGenomics 615 22$aProteomics 615 7$aDrugs$xDesign. 615 7$aGene therapy. 615 7$aMedical genetics. 615 17$aMédicament. 615 17$aThérapie génique. 615 17$aGénétique médicale. 676 $a572.86 906 $aJOURNAL 912 $a996198117603316 996 $aDrug discovery today$9797890 997 $aUNISA